Statistiques concernant Ligue 1 2018/2019 Classement

Cliquez ici pour prendre le quiz!

Statistiques générales

  • Ce quiz a été pris 153 fois
  • Le résultat moyen est 18 sur 20

Statistiques - réponses

ClassementptsEquipes% Correct
191Paris
100%
275Lille
99%
372Lyon
99%
561Marseille
99%
466Saint-Etienne
99%
1441Bordeaux
96%
1248Nantes
95%
756Nice
95%
1052Rennes
95%
1638Toulouse
95%
1736Monaco
93%
1149Strasbourg
93%
659Montpellier
89%
855Reims
86%
1346Angers
85%
1538Amiens
82%
953Nîmes
80%
1933Caen
78%
1834Dijon
77%
2027Guingamp
73%

Distribution des résultats

Percentile par nombre de réponses

% des personnes avec chaque résultat

Votre développement - résultats

Vous n’avez pas pris ce quiz